000
00220nam a22000857a 4500
008
160628b xxu||||| |||| 00| 0 eng d
100
_9
1269
_a
Lall, S.K
245
_a
Saga of India
260
_a
New Delhi
_b
Arya Publication
_c
2002
999
_c
1037
_d
1037